[Event "3rd ch-GER Internet Blitz Candidates"]
[Site "playchess INT"]
[Date "2005.04.02"]
[Round "8"]
[White "Womacka, M."]
[Black "Krivoshey, S."]
[Result "0-1"]
[WhiteElo "2436"]
[BlackElo "2487"]
[PlyCount "44"]
[EventDate "2005.04.02"]
[EventType "swiss (blitz)"]
[EventRounds "15"]
[Source "Mark Crowther"]
[SourceDate "2005.04.04"]

1. e4 d5 2. exd5 Nf6 3. d4 Bg4 4. f3 Bf5 5. Bb5+ c6 6. dxc6 Qa5+ 7. Nc3 Nxc6 8.
Nge2 O-O-O 9. O-O e5 10. d5 Nxd5 11. Nxd5 Qxb5 12. Nec3 Qc4 13. Be3 Bc5 14. Qd2
Be6 15. Qf2 Bd4 16. b3 Qc5 17. b4 Qc4 18. b5 Na5 19. Rad1 Bxd5 20. Nxd5 Rxd5
21. c3 Bxe3 22. Qxe3 Qc5 0-1

[Event "3rd ch-GER Internet Blitz Candidates"]
[Site "playchess INT"]
[Date "2005.04.02"]
[Round "8"]
[White "Huch, R."]
[Black "Buchenau, F."]
[Result "0-1"]
[WhiteElo "2325"]
[BlackElo "2345"]
[PlyCount "86"]
[EventDate "2005.04.02"]
[EventType "swiss (blitz)"]
[EventRounds "15"]
[Source "Mark Crowther"]
[SourceDate "2005.04.04"]

1. d4 e6 2. Nf3 Nf6 3. Bg5 c5 4. dxc5 Bxc5 5. e3 O-O 6. a3 d5 7. Nc3 h6 8. Bh4
Nc6 9. Bd3 Be7 10. O-O a6 11. Qe2 b5 12. Rad1 Bb7 13. h3 Qb6 14. e4 d4 15. Nb1
e5 16. Nbd2 Qc7 17. Rfe1 Nh5 18. Bg3 Nxg3 19. fxg3 Bc8 20. Rf1 Be6 21. Rf2 Na5
22. Nh4 Bg5 23. Nf5 Nc4 24. Bxc4 bxc4 25. h4 Bxd2 26. Qxd2 Rab8 27. Nxh6+ Kh7
28. Nf5 Rxb2 29. Qg5 f6 30. Qh5+ Kg8 31. Qg6 Bxf5 32. Rxf5 Qf7 33. Qg4 Rxc2 34.
h5 Kh7 35. Rdf1 Rb8 36. h6 Rbb2 37. Qh3 Rxg2+ 38. Qxg2 Rxg2+ 39. Kxg2 Kxh6 40.
g4 c3 41. R5f3 Qb7 42. g5+ fxg5 43. Rh1+ Kg6 0-1

[Event "3rd ch-GER Internet Blitz Candidates"]
[Site "playchess INT"]
[Date "2005.04.02"]
[Round "8"]
[White "Fridman, D2."]
[Black "Muse, D."]
[Result "1-0"]
[WhiteElo "2569"]
[BlackElo "2418"]
[PlyCount "89"]
[EventDate "2005.04.02"]
[EventType "swiss (blitz)"]
[EventRounds "15"]
[Source "Mark Crowther"]
[SourceDate "2005.04.04"]

1. d4 d5 2. Nf3 c6 3. c4 Nf6 4. e3 a6 5. Nc3 b5 6. b3 Bg4 7. Be2 Nbd7 8. O-O e6
9. h3 Bh5 10. Bb2 Be7 11. Ne5 Bxe2 12. Nxe2 Nxe5 13. dxe5 Nd7 14. cxd5 cxd5 15.
Nf4 O-O 16. Qg4 Re8 17. Rac1 Bf8 18. Rc6 Rc8 19. Rxc8 Qxc8 20. Rc1 Qb8 21. Nd3
Rc8 22. Qd1 a5 23. Rc2 Rxc2 24. Qxc2 Qb7 25. Bd4 g6 26. g4 Be7 27. f4 Nb8 28.
h4 Nc6 29. Bc5 Bxh4 30. g5 h6 31. gxh6 Kh7 32. Bf8 Be7 33. Bxe7 Nxe7 34. Qc5
Kxh6 35. Nf2 Kg7 36. Ng4 Nf5 37. Nf6 Qb8 38. a3 g5 39. Qc2 Qh8 40. Qg2 Qh4 41.
e4 dxe4 42. Nxe4 Qxf4 43. Nxg5 Ne3 44. Nxe6+ Kh8 45. Qg7# 1-0

[Event "3rd ch-GER Internet Blitz Candidates"]
[Site "playchess INT"]
[Date "2005.04.02"]
[Round "8"]
[White "Vuckovic, Alek"]
[Black "Haba, P."]
[Result "0-1"]
[WhiteElo "2325"]
[BlackElo "2525"]
[PlyCount "84"]
[EventDate "2005.04.02"]
[EventType "swiss (blitz)"]
[EventRounds "15"]
[Source "Mark Crowther"]
[SourceDate "2005.04.04"]

1. e4 e5 2. Nf3 Nc6 3. d4 exd4 4. Nxd4 Bc5 5. Nb3 Bb4+ 6. c3 Be7 7. c4 Bf6 8.
Bd3 d6 9. O-O Nge7 10. a3 O-O 11. Qc2 a5 12. Nc3 a4 13. Nd2 Nd4 14. Qd1 Bd7 15.
h3 Ng6 16. f4 Re8 17. Nd5 c6 18. Nc3 Qa5 19. Ne2 Nxe2+ 20. Qxe2 Bxb2 21. Bxb2
Qb6+ 22. Kh2 Qxb2 23. Rfb1 Qf6 24. g3 Rad8 25. Qf3 c5 26. Re1 Bc6 27. Rab1 Qc3
28. Re2 Qxa3 29. h4 Qc3 30. h5 Nf8 31. Rd1 f5 32. Qe3 Qf6 33. Qf3 Ne6 34. Qf2
Nd4 35. Ree1 Qh6 36. Kg1 Qxh5 37. Ra1 fxe4 38. Nxe4 Nf3+ 39. Kg2 Nxe1+ 40. Rxe1
Re7 41. Qc2 Rde8 42. Kg1 Qf3 0-1

[Event "3rd ch-GER Internet Blitz Candidates"]
[Site "playchess INT"]
[Date "2005.04.02"]
[Round "8"]
[White "Junge, Ka"]
[Black "Gaede, D."]
[Result "1-0"]
[WhiteElo "2256"]
[BlackElo "2194"]
[PlyCount "117"]
[EventDate "2005.04.02"]
[EventType "swiss (blitz)"]
[EventRounds "15"]
[Source "Mark Crowther"]
[SourceDate "2005.04.04"]

1. Nf3 Nf6 2. g3 g6 3. Bg2 Bg7 4. O-O O-O 5. d4 d6 6. c4 c5 7. Nc3 Nc6 8. h3
cxd4 9. Nxd4 Nxd4 10. Qxd4 Be6 11. Qd3 Nd7 12. b3 Nc5 13. Qd2 h5 14. Bb2 Qc8
15. Kh2 Rb8 16. Rac1 Kh7 17. Nd5 Qd8 18. Bxg7 Kxg7 19. b4 Nd7 20. Qd4+ f6 21.
Qxa7 b6 22. Qa3 Ne5 23. f4 Nf7 24. Qb2 Nh6 25. e4 Bxd5 26. cxd5 Rc8 27. Qd4
Rxc1 28. Rxc1 b5 29. Rc6 Qa8 30. Qb2 Rc8 31. Qc2 Re8 32. Rc7 h4 33. g4 Qa3 34.
Qf2 Qxb4 35. Qxh4 Qd2 36. Qg3 Qxa2 37. e5 fxe5 38. fxe5 Nf7 39. exd6 b4 40.
Rxe7 Rxe7 41. dxe7 Qe2 42. d6 Qe6 43. Qd3 Nxd6 44. Qd4+ Kf7 45. Bd5 Kxe7 46.
Bxe6 Kxe6 47. Qxb4 Nf7 48. Qc4+ Kf6 49. Kg3 Ne5 50. Qd4 Ke6 51. Kf4 Nf7 52.
Qe4+ Kf6 53. g5+ Kg7 54. Qe6 Nh8 55. Qf6+ Kg8 56. h4 Kh7 57. h5 gxh5 58. Kf5
Kg8 59. g6 1-0

[Event "3rd ch-GER Internet Blitz Candidates"]
[Site "playchess INT"]
[Date "2005.04.02"]
[Round "8"]
[White "Berelovich, A."]
[Black "Drabke, L."]
[Result "1-0"]
[WhiteElo "2542"]
[BlackElo "2456"]
[PlyCount "103"]
[EventDate "2005.04.02"]
[EventType "swiss (blitz)"]
[EventRounds "15"]
[Source "Mark Crowther"]
[SourceDate "2005.04.04"]

1. e4 c5 2. c3 Qa5 3. Nf3 Nc6 4. Be2 d6 5. O-O Nf6 6. Qc2 Bg4 7. h3 Bh5 8. d3
Rc8 9. Nbd2 e6 10. Re1 Be7 11. Nf1 O-O 12. Ng3 Bxf3 13. Bxf3 Nd4 14. Qd1 Nxf3+
15. Qxf3 b5 16. Bg5 Rfe8 17. a3 Qb6 18. h4 a5 19. h5 h6 20. Be3 a4 21. Rad1 Qc6
22. d4 cxd4 23. Bxd4 Nd7 24. Re2 Bg5 25. Nf1 Nc5 26. Qg4 Nd7 27. Qg3 Bf6 28.
Bxf6 Nxf6 29. Qxd6 Qc4 30. Ng3 Rcd8 31. Qxd8 Rxd8 32. Rxd8+ Kh7 33. Rd4 Qa2 34.
f3 Qb1+ 35. Kf2 g6 36. hxg6+ Kxg6 37. Rb4 h5 38. Rxb5 h4 39. Nf1 Nh5 40. Rd2
Nf4 41. Rb8 Nd3+ 42. Ke2 Nf4+ 43. Kf2 Nd3+ 44. Ke2 Nc1+ 45. Kf2 Nb3 46. Re2 Qd3
47. Rg8+ Kh7 48. Rg4 Nc1 49. Re3 Qc2+ 50. Kg1 h3 51. f4 hxg2 52. Rh3# 1-0

[Event "3rd ch-GER Internet Blitz Candidates"]
[Site "playchess INT"]
[Date "2005.04.02"]
[Round "8"]
[White "Kostic, Vl"]
[Black "Margoline, B."]
[Result "1/2-1/2"]
[WhiteElo "2439"]
[BlackElo "2427"]
[PlyCount "118"]
[EventDate "2005.04.02"]
[EventType "swiss (blitz)"]
[EventRounds "15"]
[Source "Mark Crowther"]
[SourceDate "2005.04.04"]

1. e4 e5 2. Nf3 Nc6 3. Bc4 Bc5 4. O-O Nf6 5. d3 d6 6. h3 a6 7. Nc3 Ba7 8. Be3
O-O 9. a3 Be6 10. Bxa7 Rxa7 11. Qd2 Ra8 12. Rae1 h6 13. Nh2 b5 14. Bxe6 fxe6
15. f4 exf4 16. Qxf4 e5 17. Qd2 Nd4 18. Nf3 Ne6 19. d4 exd4 20. Nxd4 Nxd4 21.
Qxd4 Re8 22. Nd5 Nd7 23. Rf4 Ne5 24. Ref1 Qd7 25. b3 Rf8 26. Rf5 Rae8 27. Qc3
c6 28. Ne3 g6 29. Rxf8+ Rxf8 30. Rxf8+ Kxf8 31. Qd2 Kg7 32. c4 Qe6 33. Qd4 c5
34. Qc3 Kh7 35. Nd5 h5 36. cxb5 axb5 37. a4 b4 38. Qe3 Qf7 39. Qg5 Nc6 40. Nf6+
Kg7 41. Nxh5+ Kf8 42. Nf4 Ne5 43. Nd5 c4 44. Qd8+ Kg7 45. Qxd6 Nd3 46. bxc4 b3
47. e5 b2 48. Qf6+ Qxf6 49. exf6+ Kf7 50. Nc3 Kxf6 51. a5 Nc5 52. Kf1 Ke5 53.
g4 Kd4 54. Nb5+ Kxc4 55. Na3+ Kb3 56. Nb1 Kc2 57. Na3+ Kb3 58. Nb1 Kc2 59. Na3+
Kb3 1/2-1/2

[Event "3rd ch-GER Internet Blitz Candidates"]
[Site "playchess INT"]
[Date "2005.04.02"]
[Round "8"]
[White "Boettcher, C."]
[Black "Hoffmann, L."]
[Result "1-0"]
[WhiteElo "2166"]
[BlackElo "2157"]
[PlyCount "119"]
[EventDate "2005.04.02"]
[EventType "swiss (blitz)"]
[EventRounds "15"]
[Source "Mark Crowther"]
[SourceDate "2005.04.04"]

1. e4 c5 2. d3 e6 3. Nd2 d5 4. g3 Nf6 5. Bg2 Be7 6. f4 Nc6 7. Ngf3 dxe4 8. dxe4
O-O 9. O-O b6 10. c3 Bb7 11. Qe2 Qc7 12. a3 Rad8 13. e5 Nd7 14. Ne4 Na5 15. Rb1
c4 16. Nfg5 h6 17. Nh3 Nc5 18. Nhf2 Nd3 19. Be3 Nxf2 20. Rxf2 Nb3 21. Rbf1 b5
22. Qg4 Bxe4 23. Bxe4 Bc5 24. Bxc5 Nxc5 25. Bb1 Nd3 26. Rg2 Qc5+ 27. Kh1 Rd7
28. Qf3 Rfd8 29. g4 Qd5 30. Qe3 Qc5 31. Qe2 Qd5 32. h4 Nc5 33. Kh2 Qd2 34. Qf3
Qd5 35. Qe3 Nb3 36. Bc2 Qc6 37. Rff2 Rd3 38. Qe1 Qc5 39. h5 Re3 40. Re2 Rxe2
41. Qxe2 Rd2 42. Qf3 Rxg2+ 43. Qxg2 g5 44. Qa8+ Qf8 45. Qxa7 Qe8 46. Qe3 Qc6
47. fxg5 Qd5 48. gxh6 Nc5 49. Qg5+ Kf8 50. Qg7+ Ke7 51. Qf6+ Kd7 52. h7 Qd2+
53. Kh3 Qxc2 54. h8=Q Qd3+ 55. Kh4 Ne4 56. Qhd8+ Kc6 57. Qxd3 cxd3 58. Qxf7 Kd5
59. Qd7+ Kxe5 60. Qxd3 1-0

[Event "3rd ch-GER Internet Blitz Candidates"]
[Site "playchess INT"]
[Date "2005.04.02"]
[Round "8"]
[White "Ottmann, M."]
[Black "Feuerstack, A."]
[Result "0-1"]
[WhiteElo "2142"]
[BlackElo "2224"]
[PlyCount "150"]
[EventDate "2005.04.02"]
[EventType "swiss (blitz)"]
[EventRounds "15"]
[Source "Mark Crowther"]
[SourceDate "2005.04.04"]

1. d4 Nf6 2. Nf3 c5 3. c3 cxd4 4. cxd4 d5 5. Nc3 Nc6 6. Bf4 Ne4 7. e3 Nxc3 8.
bxc3 g6 9. Bd3 Bg7 10. O-O O-O 11. c4 Bg4 12. Qb3 Bxf3 13. gxf3 Na5 14. Qa4
dxc4 15. Bxc4 Nxc4 16. Qxc4 Rc8 17. Qa4 Qd5 18. Kg2 g5 19. Bg3 g4 20. Qd1 h5
21. Qe2 h4 22. Bxh4 Qh5 23. Kg3 Bf6 24. Bxf6 Qh3+ 25. Kf4 exf6 26. fxg4 Rfe8
27. Qf3 Qxh2+ 28. Qg3 Qh7 29. Qf3 Qh2+ 30. Qg3 Qh7 31. Qg2 Rc2 32. Rh1 Qg6 33.
Qf3 Kg7 34. Rh2 f5 35. gxf5 Qd6+ 36. Kg4 Qxh2 37. Rh1 Qxf2 38. Qxf2 Rxf2 39.
Rh3 Kf6 40. Kg3 Re2 41. Kf4 R2xe3 42. Rxe3 Rxe3 43. Kxe3 Kxf5 44. a4 Ke6 45.
Ke4 f5+ 46. Kf4 Kd5 47. Kxf5 Kxd4 48. Ke6 Kc4 49. Kd6 Kb4 50. Kc7 Kxa4 51. Kxb7
a5 52. Kc6 Kb4 53. Kd5 a4 54. Kd4 a3 55. Kd3 a2 56. Kc2 a1=Q 57. Kd3 Qb2 58.
Ke4 Kc5 59. Ke3 Qc1+ 60. Kd3 Kd5 61. Ke2 Kc4 62. Kf3 Qd1+ 63. Ke4 Kc5 64. Ke5
Qd2 65. Ke4 Kc4 66. Ke5 Qe1+ 67. Kd6 Kd4 68. Kc6 Qe5 69. Kb6 Kc4 70. Kc6 Qe6+
71. Kb7 Kc5 72. Ka7 Qf7+ 73. Ka8 Qe7 74. Kb8 Kc6 75. Ka8 Qb7# 0-1

[Event "3rd ch-GER Internet Blitz Candidates"]
[Site "playchess INT"]
[Date "2005.04.02"]
[Round "8"]
[White "Lentrodt, T."]
[Black "Schunk, T1."]
[Result "1-0"]
[WhiteElo "2292"]
[BlackElo "2280"]
[PlyCount "127"]
[EventDate "2005.04.02"]
[EventType "swiss (blitz)"]
[EventRounds "15"]
[Source "Mark Crowther"]
[SourceDate "2005.04.04"]

1. d4 g6 2. c4 Bg7 3. Nf3 c5 4. d5 f5 5. g3 d6 6. Bg2 Nd7 7. O-O Nb6 8. Qc2 Nf6
9. Nbd2 O-O 10. Rb1 e5 11. dxe6 Bxe6 12. Ng5 Bc8 13. b3 h6 14. Nh3 Qe7 15. Re1
Be6 16. Nf4 Qf7 17. Bb2 Rab8 18. e4 Nxe4 19. Nxe4 fxe4 20. Nxe6 Qxe6 21. Bxe4
Qd7 22. Bxg6 d5 23. cxd5 Qxd5 24. Rbd1 Qg5 25. Bh7+ Kh8 26. Be4 Rf7 27. Bxg7+
Kxg7 28. Bg2 Rbf8 29. f4 Qg4 30. Qxc5 h5 31. Qe5+ Kg8 32. Bd5 Nxd5 33. Rxd5 h4
34. Qg5+ Qxg5 35. Rxg5+ Kh7 36. Kg2 Kh6 37. Re6+ Rf6 38. Rxf6+ Rxf6 39. Rb5 b6
40. Kf3 Rc6 41. Re5 Rc2 42. Re2 Rc3+ 43. Kg4 hxg3 44. hxg3 Kg6 45. Re7 a5 46.
Re6+ Kf7 47. Rxb6 Rc2 48. a4 Rc5 49. Rb5 Rc3 50. Rxa5 Rxb3 51. Rb5 Ra3 52. a5
Ke6 53. Kh4 Ra1 54. g4 Ra2 55. Kg5 Ra3 56. f5+ Ke7 57. Kg6 Rg3 58. g5 Ra3 59.
f6+ Ke6 60. Kg7 Kd6 61. g6 Kc6 62. Rf5 Rg3 63. f7 Kd7 64. f8=Q 1-0

[Event "3rd ch-GER Internet Blitz Candidates"]
[Site "playchess INT"]
[Date "2005.04.02"]
[Round "8"]
[White "Schmidt, Ha"]
[Black "Kopylov, M."]
[Result "1-0"]
[WhiteElo "2368"]
[BlackElo "2430"]
[PlyCount "85"]
[EventDate "2005.04.02"]
[EventType "swiss (blitz)"]
[EventRounds "15"]
[Source "Mark Crowther"]
[SourceDate "2005.04.04"]

1. e4 Nf6 2. e5 Nd5 3. d4 d6 4. Nf3 Bg4 5. Be2 e6 6. O-O Nc6 7. c4 Nb6 8. exd6
cxd6 9. b3 d5 10. c5 Nc8 11. Bf4 Be7 12. Nbd2 O-O 13. Rb1 Bf6 14. b4 a6 15. Nb3
Nxb4 16. Qd2 Nc6 17. Ne5 Bxe2 18. Qxe2 N8e7 19. Ng4 Nf5 20. Nxf6+ Qxf6 21. Be5
Nfxd4 22. Nxd4 Nxe5 23. Rxb7 Rfc8 24. Nb3 a5 25. Qb5 a4 26. Na5 Qd8 27. Rb6 Nd7
28. Nc6 Qf8 29. Rc1 Nxb6 30. cxb6 Rab8 31. h3 Qa3 32. Rc5 Kf8 33. Nxb8 Rxb8 34.
b7 g6 35. Rc8+ Kg7 36. Rc7 Qc1+ 37. Rxc1 a3 38. Rc7 d4 39. Qd7 d3 40. Qxf7+ Kh6
41. h4 Kh5 42. Qf6 Kh6 43. Qg5# 1-0

[Event "3rd ch-GER Internet Blitz Candidates"]
[Site "playchess INT"]
[Date "2005.04.02"]
[Round "8"]
[White "Rodewis, T."]
[Black "Polaczek, R."]
[Result "1/2-1/2"]
[WhiteElo "2364"]
[BlackElo "2426"]
[PlyCount "163"]
[EventDate "2005.04.02"]
[EventType "swiss (blitz)"]
[EventRounds "15"]
[Source "Mark Crowther"]
[SourceDate "2005.04.04"]

1. d4 d5 2. c4 c6 3. Nf3 Nf6 4. Nc3 a6 5. c5 g6 6. Bf4 Nbd7 7. e3 Bg7 8. Bd3
Nh5 9. O-O O-O 10. b4 Nxf4 11. exf4 f6 12. Re1 Re8 13. f5 Nf8 14. Qc2 e5 15.
fxe6 Nxe6 16. Ne2 Ng5 17. Nxg5 fxg5 18. Rad1 Bd7 19. Kf1 Qc7 20. Kg1 Qd8 21.
Rf1 g4 22. Nc1 a5 23. bxa5 Qxa5 24. Qb2 Ra7 25. Qb3 Qa4 26. Bb1 Qxb3 27. Nxb3
Bf5 28. Rd2 Ra4 29. Bxf5 gxf5 30. Rc1 Bh6 31. Rdc2 Bxc1 32. Rxc1 Rxa2 33. g3
Ree2 34. Rf1 Ra3 35. Nc1 Rd2 36. Kg2 Rxd4 37. Ne2 Rd2 38. Nf4 Rc3 39. Ne6 d4
40. h3 h5 41. Nf4 Rxc5 42. Nxh5 Kf7 43. Nf4 Rcc2 44. Kg1 b5 45. hxg4 fxg4 46.
Ra1 Rxf2 47. Ra7+ Kf6 48. Rd7 Rxf4 49. gxf4 Kf5 50. Rxd4 c5 51. Rd8 Kxf4 52.
Kf1 b4 53. Rb8 Kg3 54. Ke1 Kf3 55. Kd1 Rg2 56. Rf8+ Ke3 57. Re8+ Kd3 58. Rd8+
Kc3 59. Rb8 c4 60. Ke1 b3 61. Kf1 Rd2 62. Rb7 b2 63. Ke1 Rc2 64. Kd1 Rc1+ 65.
Ke2 b1=Q 66. Rxb1 Rxb1 67. Kf2 Rd1 68. Kg3 Kd3 69. Kg2 c3 70. Kg3 c2 71. Kh4
c1=Q 72. Kg3 Qe3+ 73. Kh4 Rg1 74. Kh5 g3 75. Kh4 g2 76. Kh5 Rf1 77. Kh4 g1=Q
78. Kh5 Rf5+ 79. Kh4 Qe6 80. Kh3 Rf3+ 81. Kh4 Qf6+ 82. Kh5 1/2-1/2

[Event "3rd ch-GER Internet Blitz Candidates"]
[Site "playchess INT"]
[Date "2005.04.02"]
[Round "9"]
[White "Buchenau, F."]
[Black "Buscher, M."]
[Result "1/2-1/2"]
[WhiteElo "2345"]
[BlackElo "2305"]
[PlyCount "55"]
[EventDate "2005.04.02"]
[EventType "swiss (blitz)"]
[EventRounds "15"]
[Source "Mark Crowther"]
[SourceDate "2005.04.04"]

1. e4 c5 2. b3 d6 3. Bb2 Nf6 4. Bb5+ Bd7 5. Bxd7+ Qxd7 6. Bxf6 gxf6 7. Qh5 Nc6
8. Nc3 Nd4 9. O-O-O f5 10. exf5 Qxf5 11. Qxf5 Nxf5 12. Nf3 Rg8 13. g3 Bg7 14.
Nd5 Kd7 15. Rhe1 e6 16. Ne3 Nd4 17. Ng5 f6 18. Nh3 Nf3 19. Rh1 Bh6 20. Ng1 Bxe3
21. dxe3 Nxg1 22. Rhxg1 Kc6 23. c4 Rad8 24. Rd2 d5 25. cxd5+ exd5 26. Rgd1 Rge8
27. Kc2 a5 28. a4 1/2-1/2

[Event "3rd ch-GER Internet Blitz Candidates"]
[Site "playchess INT"]
[Date "2005.04.02"]
[Round "9"]
[White "Brener, I."]
[Black "Rodewis, T."]
[Result "1-0"]
[WhiteElo "2321"]
[BlackElo "2364"]
[PlyCount "49"]
[EventDate "2005.04.02"]
[EventType "swiss (blitz)"]
[EventRounds "15"]
[Source "Mark Crowther"]
[SourceDate "2005.04.04"]

1. e4 c5 2. Nf3 Nf6 3. e5 Nd5 4. c3 Nc6 5. d4 cxd4 6. cxd4 d6 7. Bc4 Nb6 8. Bb3
d5 9. Nc3 Bg4 10. h3 Bxf3 11. Qxf3 Nxd4 12. Qd3 Nxb3 13. axb3 a6 14. e6 fxe6
15. O-O e5 16. Qe2 e4 17. Qh5+ g6 18. Qe5 Rg8 19. Be3 Nd7 20. Qe6 Rg7 21. Nxd5
Rc8 22. Rac1 Rc6 23. Rxc6 bxc6 24. Bb6 Nxb6 25. Nf6# 1-0

[Event "3rd ch-GER Internet Blitz Candidates"]
[Site "playchess INT"]
[Date "2005.04.02"]
[Round "9"]
[White "Enzmann, S."]
[Black "Schoeneberg, M."]
[Result "0-1"]
[WhiteElo "2204"]
[BlackElo "2326"]
[PlyCount "64"]
[EventDate "2005.04.02"]
[EventType "swiss (blitz)"]
[EventRounds "15"]
[Source "Mark Crowther"]
[SourceDate "2005.04.04"]

1. Nf3 c5 2. g3 g6 3. Bg2 Bg7 4. O-O Nc6 5. d3 e6 6. c3 Nge7 7. Qa4 O-O 8. Qh4
Nf5 9. Qxd8 Rxd8 10. Na3 d5 11. e4 Nfe7 12. Be3 b6 13. Bf4 Ba6 14. Rfd1 h6 15.
exd5 Nxd5 16. Ne1 Nxf4 17. Bxc6 Rac8 18. Bb5 Bxb5 19. Nxb5 Nd5 20. Nxa7 Rc7 21.
Nb5 Rcd7 22. a4 h5 23. a5 bxa5 24. Rxa5 Rb7 25. Rda1 Rdb8 26. c4 Bxb2 27. Rd1
Nc3 28. Rd2 Nxb5 29. Rxb2 Nd4 30. Rxb7 Rxb7 31. Rxc5 Rb1 32. Re5 Nf3+ 0-1

[Event "3rd ch-GER Internet Blitz Candidates"]
[Site "playchess INT"]
[Date "2005.04.02"]
[Round "9"]
[White "Zumsande, M."]
[Black "Polaczek, R."]
[Result "1/2-1/2"]
[WhiteElo "2381"]
[BlackElo "2426"]
[PlyCount "65"]
[EventDate "2005.04.02"]
[EventType "swiss (blitz)"]
[EventRounds "15"]
[Source "Mark Crowther"]
[SourceDate "2005.04.04"]

1. e4 Nf6 2. e5 Nd5 3. Nc3 Nxc3 4. bxc3 d6 5. f4 g6 6. d4 Bg7 7. Nf3 O-O 8. Bd3
c5 9. O-O cxd4 10. cxd4 Qc7 11. Qe1 Bg4 12. Be3 Nc6 13. Qh4 Bxf3 14. Rxf3 dxe5
15. fxe5 Nb4 16. Be4 f5 17. exf6 Bxf6 18. Qg4 Rad8 19. Raf1 Qd6 20. c3 Nd5 21.
Bh6 Bg7 22. Rxf8+ Rxf8 23. Rxf8+ Kxf8 24. Qc8+ Kf7 25. Qxb7 Bxh6 26. Qxd5+ Qxd5
27. Bxd5+ e6 28. Bb3 Bd2 29. Kf2 Bxc3 30. Ke3 Ke7 31. Ke4 Bb4 32. d5 exd5+ 33.
Kxd5 1/2-1/2

[Event "3rd ch-GER Internet Blitz Candidates"]
[Site "playchess INT"]
[Date "2005.04.02"]
[Round "9"]
[White "Haba, P."]
[Black "Renner, Christo"]
[Result "1/2-1/2"]
[WhiteElo "2525"]
[BlackElo "2398"]
[PlyCount "68"]
[EventDate "2005.04.02"]
[EventType "swiss (blitz)"]
[EventRounds "15"]
[Source "Mark Crowther"]
[SourceDate "2005.04.04"]

1. d4 f5 2. g3 Nf6 3. Bg2 d6 4. Nf3 g6 5. O-O Bg7 6. c4 O-O 7. Nc3 c6 8. d5 e5
9. dxe6 Bxe6 10. b3 Na6 11. Ng5 Bc8 12. Bf4 Nh5 13. Qd2 Nxf4 14. gxf4 Qf6 15.
Rac1 h6 16. Nf3 Rd8 17. Rfd1 Be6 18. e3 Bf7 19. Ne2 Nc5 20. Qc2 Re8 21. Ng3
Rad8 22. Nd4 Ne6 23. Nxe6 Rxe6 24. Rd2 Rde8 25. Rcd1 h5 26. Ne2 Bf8 27. Nd4
R6e7 28. Nf3 Rd7 29. Ng5 Bg7 30. Nxf7 Kxf7 31. Qb1 Kg8 32. b4 a6 33. a4 g5 34.
fxg5 Qxg5 1/2-1/2

[Event "3rd ch-GER Internet Blitz Candidates"]
[Site "playchess INT"]
[Date "2005.04.02"]
[Round "9"]
[White "Wornath, K."]
[Black "Huch, R."]
[Result "0-1"]
[WhiteElo "2388"]
[BlackElo "2325"]
[PlyCount "50"]
[EventDate "2005.04.02"]
[EventType "swiss (blitz)"]
[EventRounds "15"]
[Source "Mark Crowther"]
[SourceDate "2005.04.04"]

1. d4 d5 2. c4 dxc4 3. Nf3 Nf6 4. e3 Bg4 5. Bxc4 e6 6. Qb3 Bxf3 7. gxf3 Nbd7 8.
Qxb7 c5 9. dxc5 Bxc5 10. O-O O-O 11. Rd1 Rb8 12. Qc6 Rc8 13. Qa4 Qc7 14. Ba6
Rb8 15. Bf1 Rb4 16. Qc2 Rh4 17. f4 e5 18. Nc3 exf4 19. exf4 Ng4 20. Rd5 Bxf2+
21. Kg2 Rxh2+ 22. Kf3 Ndf6 23. Bd3 Be1 24. Qb3 Rf2+ 25. Kg3 Rxb2+ 0-1

[Event "3rd ch-GER Internet Blitz Candidates"]
[Site "playchess INT"]
[Date "2005.04.02"]
[Round "9"]
[White "Drabke, L."]
[Black "Reich, T."]
[Result "1-0"]
[WhiteElo "2456"]
[BlackElo "2406"]
[PlyCount "93"]
[EventDate "2005.04.02"]
[EventType "swiss (blitz)"]
[EventRounds "15"]
[Source "Mark Crowther"]
[SourceDate "2005.04.04"]

1. e4 d6 2. d4 Nf6 3. Nc3 g6 4. Be3 Bg7 5. Qd2 O-O 6. Bh6 Bxh6 7. Qxh6 Ng4 8.
Qd2 e5 9. f3 exd4 10. Qxd4 Qf6 11. Qd2 Ne5 12. O-O-O Nbc6 13. Nd5 Qd8 14. h4
Be6 15. h5 Bxd5 16. hxg6 fxg6 17. Qxd5+ Nf7 18. Bc4 Kg7 19. Nh3 Qe7 20. Kb1
Rae8 21. Nf4 Ncd8 22. Qd4+ Qe5 23. Qd2 b5 24. Nd3 Qd4 25. Bxb5 Ne6 26. Bxe8
Rxe8 27. Nf4 Qf6 28. Nxe6+ Qxe6 29. Qd4+ Kg8 30. Rd3 c5 31. Qd5 Qf6 32. Rb3 Re5
33. Rb8+ Kg7 34. Qa8 Nh6 35. Qxa7+ Re7 36. Rb7 Rxb7 37. Qxb7+ Nf7 38. a4 Qg5
39. a5 Qxg2 40. Rc1 h5 41. a6 h4 42. a7 h3 43. a8=Q h2 44. Qe8 Qxf3 45. Qbxf7+
Qxf7 46. Qxf7+ Kxf7 47. Rh1 1-0

[Event "3rd ch-GER Internet Blitz Candidates"]
[Site "playchess INT"]
[Date "2005.04.02"]
[Round "9"]
[White "Lentrodt, T."]
[Black "Buchenthal, D."]
[Result "1-0"]
[WhiteElo "2292"]
[BlackElo "2258"]
[PlyCount "69"]
[EventDate "2005.04.02"]
[EventType "swiss (blitz)"]
[EventRounds "15"]
[Source "Mark Crowther"]
[SourceDate "2005.04.04"]

1. b4 e5 2. Bb2 f6 3. b5 d5 4. Nf3 c5 5. c4 d4 6. d3 Bd6 7. g3 Ne7 8. Bg2 O-O
9. O-O Be6 10. Nbd2 Nd7 11. Ne4 Bc7 12. a4 h6 13. Ba3 b6 14. Ned2 f5 15. e3
dxe3 16. fxe3 Rc8 17. d4 Bd6 18. d5 Bf7 19. Bh3 e4 20. Nh4 g6 21. g4 Qc7 22.
gxf5 Bxh2+ 23. Kh1 g5 24. f6 Qg3 25. Bxd7 Qxh4 26. Qg4 Qxg4 27. Bxg4 Be5 28.
fxe7 Bxa1 29. exf8=Q+ Rxf8 30. Rxa1 h5 31. Be2 Kg7 32. Nxe4 Kh6 33. Rf1 g4 34.
Rf6+ Kg7 35. Bb2 1-0

[Event "3rd ch-GER Internet Blitz Candidates"]
[Site "playchess INT"]
[Date "2005.04.02"]
[Round "9"]
[White "Berelovich, A."]
[Black "Fridman, D2."]
[Result "0-1"]
[WhiteElo "2542"]
[BlackElo "2569"]
[PlyCount "78"]
[EventDate "2005.04.02"]
[EventType "swiss (blitz)"]
[EventRounds "15"]
[Source "Mark Crowther"]
[SourceDate "2005.04.04"]

1. e4 e5 2. Nf3 d6 3. d4 exd4 4. Qxd4 a6 5. Bg5 Nc6 6. Bxd8 Nxd4 7. Nxd4 Kxd8
8. Nc3 g6 9. O-O-O Bh6+ 10. Kb1 Bd7 11. Bc4 f6 12. Rhe1 Ne7 13. g3 b5 14. Ne6+
Kc8 15. Bb3 b4 16. Nd5 Bxe6 17. Nxe7+ Kd7 18. Bxe6+ Kxe7 19. Bc4 a5 20. f4 Bg7
21. Kc1 c6 22. Kd2 Kd7 23. a3 Kc7 24. a4 Rhe8 25. Kd3 f5 26. exf5 d5 27. Bb3
Bxb2 28. Re6 Bc3 29. Ke2 gxf5 30. Rxe8 Rxe8+ 31. Kf3 h5 32. Rd3 Re1 33. Bxd5
cxd5 34. Rxd5 Rc1 35. Rxa5 Rxc2 36. Rxf5 b3 37. Rc5+ Kd6 38. Rb5 b2 39. a5 Rc1
0-1

[Event "3rd ch-GER Internet Blitz Candidates"]
[Site "playchess INT"]
[Date "2005.04.02"]
[Round "9"]
[White "Zimmermann, J."]
[Black "Junge, Ka"]
[Result "1-0"]
[WhiteElo "2335"]
[BlackElo "2256"]
[PlyCount "101"]
[EventDate "2005.04.02"]
[EventType "swiss (blitz)"]
[EventRounds "15"]
[Source "Mark Crowther"]
[SourceDate "2005.04.04"]

1. e4 Nf6 2. e5 Nd5 3. d4 d6 4. Bc4 Nb6 5. Bb3 d5 6. Qf3 Nc6 7. c3 h5 8. h3 g6
9. Ne2 Bf5 10. Ng3 Be6 11. a4 h4 12. Ne2 a5 13. Bg5 Bf5 14. Qf4 Qd7 15. Bxh4
O-O-O 16. Nd2 Bd3 17. Nc1 Bc4 18. Bxc4 dxc4 19. Qe4 Bh6 20. Ne2 Bxd2+ 21. Kxd2
Nd5 22. Bg3 f5 23. exf6 exf6 24. Nf4 Nxf4 25. Qxf4 Ne7 26. Rhe1 Nd5 27. Qg4 f5
28. Qxg6 f4 29. Bh2 Rhg8 30. Qe4 Rde8 31. Qf3 Qf5 32. g4 Qd3+ 33. Qxd3 cxd3 34.
Kxd3 Rh8 35. Rxe8+ Rxe8 36. h4 Rg8 37. g5 Rh8 38. c4 Nb4+ 39. Ke4 Rxh4 40. Bxf4
Nd3 41. Kxd3 Rxf4 42. Rf1 Kd7 43. Ke3 Rg4 44. f4 Ke6 45. f5+ Kf7 46. g6+ Kf6
47. Rf3 Rg2 48. b3 Rb2 49. Ke4 Re2+ 50. Kd5 Rd2 51. Rg3 1-0